Umění konverzace

Salvato in:
Dettagli Bibliografici
Autore principale: Naumann, Frank
Natura: Libro
Lingua:ceco
Pubblicazione: Praha Portál 2002
Soggetti:
Tags: Aggiungi Tag
Nessun Tag, puoi essere il primo ad aggiungerne!!

MARC

LEADER 00000nam a2200000 4500
001 c141570
005 20221124094858.3
020 |a 80-7178-622-5 
041 0 |a cze 
044 |a CZ 
245 1 0 |a Umění konverzace  |c Frank Naumann 
264 1 |a Praha  |b Portál  |c 2002 
300 |a 170 s. 
610 2 0 |a komunikácia sociálna 
610 2 0 |a komunikácia 
610 2 0 |a vzťahy formálne 
610 2 0 |a vzťahy neformálne 
610 2 0 |a rozhovor 
610 2 0 |a diskusia 
100 1 |a Naumann, Frank